Koi deevaar bhi nahi/ (Record no. 71377)

000 -LEADER
fixed length control field 00490nam a22001577a 4500
020 ## - INTERNATIONAL STANDARD BOOK NUMBER
International Standard Book Number 9789385013317
082 ## - DEWEY DECIMAL CLASSIFICATION NUMBER
Classification number H1
Item number SUR/K
100 ## - MAIN ENTRY--PERSONAL NAME
Personal name Suresh Salil
9 (RLIN) 45301
245 ## - TITLE STATEMENT
Title Koi deevaar bhi nahi/
Statement of responsibility, etc. by Suresh Salil
260 ## - PUBLICATION, DISTRIBUTION, ETC.
Place of publication, distribution, etc. Ghaziabad:
Name of publisher, distributor, etc. Antika Prakashan,
Date of publication, distribution, etc. 2016.
300 ## - PHYSICAL DESCRIPTION
Extent 112p.
650 ## - SUBJECT ADDED ENTRY--TOPICAL TERM
Topical term or geographic name entry element Poetry Hindi Literature
9 (RLIN) 45302
650 ## - SUBJECT ADDED ENTRY--TOPICAL TERM
Topical term or geographic name entry element Literature Hindi
9 (RLIN) 45303
650 ## - SUBJECT ADDED ENTRY--TOPICAL TERM
Topical term or geographic name entry element Literature
9 (RLIN) 45304
942 ## - ADDED ENTRY ELEMENTS (KOHA)
Koha item type Book
Holdings
Withdrawn status Lost status Damaged status Not for loan Permanent Location Current Location Shelving location Date acquired Cost, normal purchase price Total Checkouts Full call number Barcode Date last seen Price effective from Koha item type
        Sree Sankaracharya University of Sanskrit Sree Sankaracharya University of Sanskrit Stacks 16.05.2018 235.00   H1 SUR/K 089281 16.05.2018 16.05.2018 Book